Where Can You Do This? Multiple Choice Quiz - Statistics

General Stats
  • This quiz has been taken 767 times
    466 since last reset
  • The average score is 8 of 15
Answer Stats
Question Answer % Correct
...extract cocoa beans from?
93%
...find the Department of Defence of the United States?
85%
...use a wicket (object made of three sticks called stumps and two sticks called bails)? cricket
81%
...go on a Hajj?
70%
...swim in the sea with wild pigs? Bahamas
70%
...walk through the nave? church
56%
...drive on land by car? from North Korea to Vatican
56%
...visit George Washington's burial place? Mount Vernon, Virginia
56%
...find the body part where your red blood cells are formed? in the bones
44%
...get help on the phone in case of an accident in most of Europe, Asia and Central/Western Africa? 112
41%
...legally smoke weed for fun? South Africa
41%
...get help with the loss of hearing? otolaryngologist
37%
...be eaten by a tiger in the wild? Malaysia
30%
...be sure to NOT ingest any caffeine? Fanta (orange soda)
22%
...find smallpox virus? USA and Russia
19%
No matching quizzes found
Score Distribution
Percent of People with Each Score
Percentile by Number Answered
Your Score History
You have not taken this quiz since the last reset